Medieval and renaissance music on long-playing records: supplement, 1962-1971
Kaydedildi:
| Asıl Yazarlar: | , |
|---|---|
| Materyal Türü: | Kitap |
| Dil: | İngilizce |
| Baskı/Yayın Bilgisi: |
Detroit
Information Coordinators
1973
|
| Seri Bilgileri: | Detroit Studies in Music Bibliography, 26
|
| Konular: | |
| Etiketler: |
Etiketle
Etiket eklenmemiş, İlk siz ekleyin!
|
MARC
| LEADER | 00000nam a2200000 a 4500 | ||
|---|---|---|---|
| 001 | UCN3024 | ||
| 003 | CL-VaPUC | ||
| 008 | 010615e19730000US |||||||||||||||||eng|d | ||
| 082 | 0 | 4 | |a 016.78 |b COO |2 21 |
| 100 | 0 | |a Coover, James B |e author |9 459419 | |
| 700 | 0 | |a Colvig, Richard |e author |9 459420 | |
| 245 | 1 | 0 | |a Medieval and renaissance music on long-playing records: supplement, 1962-1971 |
| 300 | |a 258 p | ||
| 942 | |c BK | ||
| 945 | |d 20010615 00:00:00 |a crobeson | ||
| 260 | |a Detroit |b Information Coordinators |c 1973 | ||
| 650 | 0 | |a Música vocal discográfica hasta 1800 |9 306615 | |
| 650 | 7 | |a MUSICA INSTRUMENTAL DISCOGRAFIA HASTA 1800 |2 CL-VaPUC |9 306616 | |
| 583 | |a last modification |c 20010615 00:00:00 |k Rodrigo Vera | ||
| 490 | 0 | |a Detroit Studies in Music Bibliography, 26 | |
| 999 | |c 296039 |d 296037 | ||
| 952 | |0 0 |1 0 |4 0 |6 016_780000000000000_COO_1973 |7 0 |8 A |9 349523 |a BIBEDU |b BIBEDU |d 2019-11-20 |i 1187481 |o 016.78 COO 1973 |p 1187481 |r 2023-01-12 |w 2019-11-20 |y BK |k MUS | ||